<?xml version="1.0" encoding="UTF-8"?>
<record
    xmlns:xsi="http://www.w3.org/2001/XMLSchema-instance"
    xsi:schemaLocation="http://www.loc.gov/MARC21/slim http://www.loc.gov/standards/marcxml/schema/MARC21slim.xsd"
    xmlns="http://www.loc.gov/MARC21/slim">

  <leader>00773nam a22002417a 4500</leader>
  <controlfield tag="008">240821b        mp ||||| |||| 00| 0 mon d</controlfield>
  <datafield tag="040" ind1=" " ind2=" ">
    <subfield code="a">SE0153081</subfield>
    <subfield code="b">mon</subfield>
    <subfield code="c">MN-UlNLM</subfield>
    <subfield code="d">MN-UlNLM</subfield>
    <subfield code="e">rda</subfield>
  </datafield>
  <datafield tag="041" ind1=" " ind2=" ">
    <subfield code="a">mon</subfield>
  </datafield>
  <datafield tag="084" ind1=" " ind2=" ">
    <subfield code="2">NNA</subfield>
    <subfield code="a">75.5</subfield>
    <subfield code="b">&#x411;-121</subfield>
  </datafield>
  <datafield tag="100" ind1=" " ind2=" ">
    <subfield code="a">&#x414;&#x430;&#x43C;&#x434;&#x438;&#x43D;&#x441;&#x4AF;&#x440;&#x44D;&#x43D; &#x414;</subfield>
  </datafield>
  <datafield tag="245" ind1=" " ind2="0">
    <subfield code="a">&#x425;&#x4AF;&#x4AF;&#x445;&#x434;&#x438;&#x439;&#x43D; &#x442;&#x43E;&#x433;&#x43B;&#x43E;&#x43E;&#x43C;&#x44B;&#x43D; &#x442;&#x430;&#x43B;&#x431;&#x430;&#x439;</subfield>
  </datafield>
  <datafield tag="245" ind1=" " ind2="0">
    <subfield code="b">0</subfield>
  </datafield>
  <datafield tag="245" ind1=" " ind2="0">
    <subfield code="c">&#x425;&#x44F;&#x43D;. &#x425;.&#x414;&#x43E;&#x440;&#x436;&#x441;&#x4AF;&#x440;&#x44D;&#x43D;; &#x4E8;.&#x428;&#x430;&#x440;&#x430;&#x432;&#x434;&#x43E;&#x440;&#x436;</subfield>
  </datafield>
  <datafield tag="264" ind1=" " ind2=" ">
    <subfield code="a">&#x423;&#x411;</subfield>
    <subfield code="b">&#x423;&#x425;&#x413;</subfield>
    <subfield code="c">1963</subfield>
  </datafield>
  <datafield tag="300" ind1=" " ind2=" ">
    <subfield code="a">55&#x445;</subfield>
  </datafield>
  <datafield tag="336" ind1=" " ind2=" ">
    <subfield code="2">rdacontent</subfield>
    <subfield code="a">text</subfield>
    <subfield code="b">txt</subfield>
  </datafield>
  <datafield tag="337" ind1=" " ind2=" ">
    <subfield code="2">rdamedia</subfield>
    <subfield code="a">unmediated</subfield>
    <subfield code="b">n</subfield>
  </datafield>
  <datafield tag="338" ind1=" " ind2=" ">
    <subfield code="2">rdacarrier</subfield>
    <subfield code="a">volume</subfield>
    <subfield code="b">nc</subfield>
  </datafield>
  <datafield tag="505" ind1=" " ind2=" ">
    <subfield code="t">&#x425;&#x4AF;&#x4AF;&#x445;&#x434;&#x438;&#x439;&#x43D; &#x442;&#x43E;&#x433;&#x43B;&#x43E;&#x43E;&#x43C;&#x44B;&#x43D; &#x442;&#x430;&#x43B;&#x431;&#x430;&#x439;; &#x414;&#x430;&#x43C;&#x434;&#x438;&#x43D;&#x441;&#x4AF;&#x440;&#x44D;&#x43D; &#x414;; &#x441;&#x443;&#x440;&#x433;&#x430;&#x43D;</subfield>
  </datafield>
  <datafield tag="942" ind1=" " ind2=" ">
    <subfield code="2">NNA</subfield>
    <subfield code="c">BK</subfield>
  </datafield>
  <datafield tag="952" ind1=" " ind2=" ">
    <subfield code="0">0</subfield>
    <subfield code="1">0</subfield>
    <subfield code="4">0</subfield>
    <subfield code="6">755_&#x411;121</subfield>
    <subfield code="7">0</subfield>
    <subfield code="8">SE0152</subfield>
    <subfield code="a">SE0153081</subfield>
    <subfield code="b">SE0153081</subfield>
    <subfield code="c">SE0152</subfield>
    <subfield code="d">2024-11-12</subfield>
    <subfield code="g">130.00</subfield>
    <subfield code="l">0</subfield>
    <subfield code="o">75.5  &#x411;-121</subfield>
    <subfield code="p">SE0151023611</subfield>
    <subfield code="r">2024-11-12</subfield>
    <subfield code="t">1023611</subfield>
    <subfield code="y">BK</subfield>
  </datafield>
  <datafield tag="999" ind1=" " ind2=" ">
    <subfield code="c">1147729</subfield>
    <subfield code="d">1147786</subfield>
  </datafield>
</record>
